Statistics for Largest European Cities by Letter - D

Click here to take the quiz!

General Stats

  • This quiz has been taken 113 times
    (13 since last reset)
  • The average score is 13 of 25

Answer Stats

Rank Population Country Hint City % Correct
13154,000FranceMustardDijon
100%
3612,000GermanyMost important airport of the regionDüsseldorf
100%
5553,000IrelandGuinness, Baile Atha Cliath Dublin
100%
6544,000GermanyFrauenkirche (destroyed in WWII)Dresden
100%
4586,000GermanyFamous soccer club: Borussia...Dortmund
91%
2929,000UkraineCentre of the war in DonbassDonetsk
82%
14148,000United KingdomLocated on the Firth of TayDundee
82%
1984,000UkraineWas called Dnipropetrovsk until 2016Dnipro
82%
2589,000FranceChannel coast, 1940 battleDunkirk
82%
10203,000HungaryCapital from 1944 to 1945Debrecen
64%
7491,000GermanyWorld's biggest inland harborDuisburg
55%
15132,000Spain"Two sisters", in SpanishDos Hermanas
45%
19113,000AlbaniaSecond-largest city in AlbaniaDurrës
45%
21101,000NetherlandsAntony van LeeuwenhoekDelft
36%
20112,000United KingdomSt. George's MinsterDoncaster
36%
8261,000United KingdomCentre for advanced transport manufacturingDerby
36%
9223,000RussiaChemical weaponsDzerzhinsk
27%
12155,000GermanyAn element is named after this cityDarmstadt
27%
11186,000SpainThe Basque name for San SebastiánDonostia
27%
17119,000NetherlandsColloquially called DordtDordrecht
27%
18117,000RussiaMoscow International AirportDomodedovo
9%
2493,000RomaniaIron Gates of the DanubeDrobeta-Turnu Severin
9%
16122,000PolandBig city in the Silesian VoivodeshipDąbrowa Górnicza
0%
22100,000RussiaSometimes called DolgopaDolgoprudny
0%
2399,000NetherlandsRiver IJsselDeventer
0%

Score Distribution

Percentile by Number Answered

Percent of People with Each Score

Your Score History

You have not taken this quiz since the last reset